Virtuálne laboratórium pre optické vláknové médium

Salvato in:
Dettagli Bibliografici
Autore principale: Vynnyk, Kateryna (Autore)
Altri autori: Róka, Rastislav (Relatore della tesi)
Natura: Manoscritto Libro
Lingua:slovacco
Pubblicazione: Bratislava : STU v Bratislave FEI, 2025
Soggetti:
Accesso online:https://opac.crzp.sk/?fn=detailBiblioFormChildO6DT2&sid=8D80AD18777FCC7F65B4B24DC29E&seo=CRZP-detail-kniha
Tags: Aggiungi Tag
Nessun Tag, puoi essere il primo ad aggiungerne!!

MARC

LEADER 00000ntm a22000003a 4500
001 stuzp102109
003 SK-STU
005 20260206104852.0
007 ta
008 150427s2015----xo-----f-mn---000-0-slo-d
040 |a STU  |b slo 
041 0 |a slo 
044 |a xo 
100 1 |a Vynnyk, Kateryna  |u 037000  |4 aut  |U FEI Fakulta elektrotechniky a informatiky  |T FEI Ústav multimediálnych informačných a komunikačných technológií  |X 123230  |U E070  |Y 818  |7 123230 
242 0 1 |a Virtual Laboratory for the Optical Fiber Medium  |y eng 
245 1 0 |a Virtuálne laboratórium pre optické vláknové médium 
260 |a Bratislava :  |b STU v Bratislave FEI,  |c 2025 
300 |a 43 s. 
650 4 |a Moodle  |2 slo 
650 4 |a Videomikroskop  |2 slo 
650 4 |a Optické vláknové médium  |2 slo 
650 4 |a Zváranie  |2 slo 
650 4 |a Praktické merania  |2 slo 
650 4 |a Virtuálne laboratórium  |2 slo 
650 4 |a Optické vlákna  |2 slo 
650 4 |a Moodle  |2 eng 
650 4 |a Videomicroscope  |2 eng 
650 4 |a Optical fiber medium  |2 eng 
650 4 |a Splicing  |2 eng 
650 4 |a Practical measurements  |2 eng 
650 4 |a Virtual laboratory  |2 eng 
650 4 |a Optical fibers  |2 eng 
700 1 |a Róka, Rastislav  |u 037000  |k Z1  |4 ths  |U FEI Fakulta elektrotechniky a informatiky  |T FEI Ústav multimediálnych informačných a komunikačných technológií  |X 1946  |U E070  |Y 818  |7 A000001946 
856 4 |u https://opac.crzp.sk/?fn=detailBiblioFormChildO6DT2&sid=8D80AD18777FCC7F65B4B24DC29E&seo=CRZP-detail-kniha